000 02755nam0a2200349 4500
001 RU\NLR\BIBL_A\022720170
005 20260406153932.0
010 _a978-5-4312-1302-1
_927
021 _aRU
_bКН-П-25-078682
_9КН-П-25-7620
035 _a(NLR Aleph) 022720170
090 _a13653743
_c13653743
100 _a20260205d2025 k y0rusy50 ca
101 0 _arus
102 _aRU
105 _ay z 100zy
181 0 _ai4
_baxxe
182 0 _an
200 1 _aОбеспечение информационной безопасности: вопросы теории и практики
_eсборник статей Всероссийской научно-практической конференции с международным участием, 28 марта 2025 г.
_fМинистерство науки и высшего образования Российской Федерации, ФГБОУ ВО "Удмуртский государственный университет", Институт права, социального управления и безопасности, Кафедра информационной безопасности и управления
_gнаучные редакторы: Г. Г. Камалова, д-р юрид. наук, професор, В. Г. Ившин, канд. юрид. наук, доцент
203 _aТекст
_bвизуальный
_cнепосредственный
210 _aИжевск
_cУдмуртский университет
_d2025
215 _a222, [1] c.
_d20
320 _aБиблиогр. в подстроч. примеч. и в конце отд. ст.
606 1 _aИнформационная безопасность
_yРоссийская Федерация
_jСъезды, совещания и т.п
_2nlr_sh2
_3RU\NLR\AUTH\661455171
686 1 _aХ621.162я431
702 1 _aКамалова
_bГ. Г.
_gГульфия Гафиятовна
_4340
711 1 2 _a"Обеспечение информационной безопасности: вопросы теории и практики", всероссийская научно-практическая конференция с международным участием
_f2025
_eИжевск
_3RU\NLR\AUTH\880638688
712 0 2 _aУдмуртский государственный университет
_cИжевск
_bИнститут права, социального управления и безопасности
_bКафедра информационной безопасности в управлении
_3RU\NLR\AUTH\880638691
_4570
942 _cBOOK
980 _aNB